A, to, my! = And that's us! /

Korporativní autor: Muzeum skla a bižuterie (Jablonec nad Nisou, Česko)
Další autoři: Mezinárodní trienále Jablonec
Jazyk: Čeština
Angličtina
Vydáno: V Jablonci nad Nisou : Muzeum skla a bižuterie, 2017
Témata:
Fyzický popis: 52 stran : barevné ilustrace ; 21 x 24 cm
Language note: Souběžný anglický text
Knihy
Uloženo v:
LEADER 02986nam a2200757 i 4500
001 nkc20172902798
003 CZ PrNK
005 20220923085115.0
007 ta
008 170612s2017 xr a e c 000 0 cze
020 |a 978-80-86397-26-9  |q (brožováno) :  |c Kč 120,00 
040 |a BOA001  |b cze  |e rda 
041 1 |a cze  |a eng  |h cze 
043 |a e-xr---  |a e------ 
045 |a y-y- 
072 7 |a 74  |x Kresba. Umělecká řemesla  |2 Konspekt  |9 21 
080 |a 373.6+377.1/.6  |2 MRF 
080 |a 378  |2 MRF 
080 |a 666.1/.2  |2 MRF 
080 |a 748  |2 MRF 
080 |a 739.1/.2  |2 MRF 
080 |a 671.21  |2 MRF 
080 |a (437.3)  |2 MRF 
080 |a (4)  |2 MRF 
080 |a (079)371.27  |2 MRF 
080 |a (083.824)  |2 MRF 
245 0 0 |a A, to, my! =  |b And that's us! /  |c Muzeum skla a bižuterie v Jablonci nad Nisou 
246 3 1 |a And that's us! 
264 1 |a V Jablonci nad Nisou :  |b Muzeum skla a bižuterie,  |c 2017 
300 |a 52 stran :  |b barevné ilustrace ;  |c 21 x 24 cm 
336 |a text  |b txt  |2 rdacontent 
336 |a statický obraz  |b sti  |2 rdacontent 
337 |a bez média  |b n  |2 rdamedia 
338 |a svazek  |b nc  |2 rdacarrier 
500 |a Na obálce nad názvem: Mezinárodní trienále skla a bižuterie = International Triennial of Glass & Jewellery 
546 |a Souběžný anglický text 
648 7 |a 21. století  |7 ch460559  |2 czenas 
650 0 7 |a odborné školy  |7 ph173079  |z Česko  |2 czenas 
650 0 7 |a odborné školy  |7 ph173079  |z Evropa  |2 czenas 
650 0 7 |a vysoké školy  |7 ph116649  |z Česko  |2 czenas 
650 0 7 |a vysoké školy  |7 ph116649  |z Evropa  |2 czenas 
650 0 7 |a sklo a skleněné výrobky  |7 ph125588  |y 21. století  |2 czenas 
650 0 7 |a umělecké sklo  |7 ph126905  |y 21. století  |2 czenas 
650 0 7 |a šperky  |7 ph127871  |y 21. století  |2 czenas 
650 0 7 |a bižuterie  |7 ph118934  |y 21. století  |2 czenas 
650 0 9 |a vocational schools  |z Czechia  |2 eczenas 
650 0 9 |a vocational schools  |z Europe  |2 eczenas 
650 0 9 |a universities and colleges  |z Czechia  |2 eczenas 
650 0 9 |a universities and colleges  |z Europe  |2 eczenas 
650 0 9 |a glass and glassware  |y 21st century  |2 eczenas 
650 0 9 |a art glass  |y 21st century  |2 eczenas 
650 0 9 |a jewellery  |y 21st century  |2 eczenas 
650 0 9 |a costume jewelry  |y 21st century  |2 eczenas 
655 7 |a studentské práce  |7 fd186738  |2 czenas 
655 7 |a katalogy výstav  |7 fd132536  |2 czenas 
655 9 |a student papers  |2 eczenas 
655 9 |a exhibition catalogs  |2 eczenas 
740 0 2 |a Mezinárodní trienále skla a bižuterie 
740 0 2 |a International Triennial of Glass & Jewellery 
710 2 |a Muzeum skla a bižuterie (Jablonec nad Nisou, Česko)  |7 kn20010709065  |4 isb 
711 2 |a Mezinárodní trienále Jablonec  |d (2017 :  |c Jablonec nad Nisou, Česko)  |7 ko2016910994  |4 oth 
910 2 |a BOA001  |b 2-1390.770 
990 |a BK 
995 |a 11 
991 |b 201707  |c NOV 
996 6 |b 2610712457  |c 2-1390.770  |l MZK  |r Sklad / do 1 hodiny  |n 1  |p p.v.  |w 001617995  |u 000010  |a 1  |e BOA001  |j MZK50  |s P